| 000 | 00688nam a2200217Ii 4500 | ||
|---|---|---|---|
| 003 | JO-AjNU | ||
| 008 | 230605s9999||||xx |||||||||||||| ||und|| | ||
| 017 | _a2006/8/2235 | ||
| 040 |
_aJO-AjNU _bara _erda _cJO-AjNU |
||
| 041 | _aara | ||
| 050 | 1 | 4 | _aKRM4384.2006 |
| 100 | 3 |
_aمدغمش ، جمال عبد الغني , _eauthor _921400 |
|
| 245 | 0 | 0 | _aجريمة القتل |
| 264 | 3 | 1 | _aعمان : جمال عبد الغني مدغمش ، 2006 |
| 300 | _a88ص | ||
| 336 |
_atext _btxt _2rdacontent |
||
| 337 |
_aunmediated _bn _2rdamedia |
||
| 338 |
_avolume _bnc _2rdacarrier |
||
| 490 | 0 | _aسلسلة الكتب القانونية | |
| 650 | 4 |
_aالقتل -- الجريمة _921401 |
|
| 999 |
_aA7426 _c10994 _d10994 |
||